书目信息 |
| 题名: |
土地政策学
|
|
| 作者: | 黄贤金 著 | |
| 分册: | ||
| 出版信息: | 江苏徐州 中国矿业大学出版社 1998.11 |
|
| 页数: | 350页 | |
| 开本: | 20cm | |
| 丛书名: | ||
| 单 册: | ||
| 中图分类: | F301.0 | |
| 科图分类: | ||
| 主题词: | 农业经济学 | |
| 电子资源: | ||
| ISBN: | 7-81040-413-X | |
| 000 | 00539nam0 2200193 45 | |
| 001 | 0357008904 | |
| 005 | 2003040115500890 | |
| 010 | @a7-81040-413-X@dRMB 18.00 | |
| 100 | @a20030401d1998 km y0chiy0120 ea | |
| 101 | 0 | @achi |
| 200 | 1 | @a土地政策学@Atu di zheng ce xue@f黄贤金等著@FHuang Xian Jin Deng Zhu |
| 205 | @a2版 | |
| 210 | @a江苏徐州@c中国矿业大学出版社@d1998.11 | |
| 215 | @a350页@d20cm | |
| 606 | 0 | @a农业经济学 |
| 690 | @aF301.0@v3 | |
| 701 | 0 | @a黄贤金@AHuang Xian Jin@4著 |
| 801 | 0 | @aCN@bPFT@c20030401 |
| 905 | @a@dF301.0@eH902 | |
| 土地政策学/黄贤金等著.-2版.-江苏徐州:中国矿业大学出版社,1998.11 |
| 350页;20cm |
| ISBN 7-81040-413-X:RMB 18.00 |
| ● |
| 相关链接 |
|
|
|
正题名:土地政策学
索取号:F301.0/H902
 
预约/预借
| 序号 | 登录号 | 条形码 | 馆藏地/架位号 | 状态 | 备注 |
| 1 | 371078 | 203710788 | 社科库409/409社科库 32排3列4层/ [索取号:F301.0/H902] | 在馆 | |
| 2 | 371079 | 203710797 | 社科库409/409社科库 32排3列4层/ [索取号:F301.0/H902] | 在馆 | |
| 3 | 371080 | 203710804 | 社科库409/409社科库 32排3列4层/ [索取号:F301.0/H902] | 在馆 |